مكتبة جامعة عجلون الوطنية

فهرس بحث المكتبة

Normal view MARC view
  • العاني، نوري عبد الحميد

Entry Personal Name

Number of records used in: 1

001 - CONTROL NUMBER

  • control field: 13258

003 - CONTROL NUMBER IDENTIFIER

  • control field: JO-AjAnu

005 - DATE AND TIME OF LATEST TRANSACTION

  • control field: 20230606072424.0

008 - FIXED-LENGTH DATA ELEMENTS

  • fixed length control field: 230606|| aca||aabn | a|a d

040 ## - CATALOGING SOURCE

  • Original cataloging agency: JO-AjAnu
  • Transcribing agency: JO-AjAnu

100 ## - HEADING--PERSONAL NAME

  • Personal name: العاني، نوري عبد الحميد

670 ## - SOURCE DATA FOUND

  • Source citation: Work cat.: (JO-AjAnu)6822: العاني، نوري عبد الحميد, author, العراق في العهد الجلائري 738-814هجري/1337-1411م: دراسة في أوضاعه الادارية والاقتصادية